000 00690cam a2200205 a 4500
001 000017676
005 20200929165206.0
008 720822s1966 pr ah 000 d spa d
040 _aDO-SdBNP
_cOAU
_dDLC
_dBNPHU
082 _aPR862.44
_bA777a
100 1 _aArrivi, Francisco,
_938507
245 1 0 _aAreyto mayor /
_cFrancisco Arrivi.
260 _aSan Juan, Puerto Rico :
_bInstituto de Cultura Puertorriqueña,
_c1966.
300 _a324, [325-326] p. :
_bilu. facsíms., ;
_c23 cm.
504 _aBibliografías: p. [317]-319.
650 4 _aTeatro puertorriqueño
_94514
650 4 _aLiteratura puertorriqueña
_ySIGLO XX
_95311
910 _aCatalogación por copia / LC
049 _aBNGR
999 _c17201
_d17201